|
|
|
|
| LEADER |
00000nas a22000007a 4500 |
| 001 |
ssj0012676 |
| 003 |
WaSeSS |
| 005 |
20200512172242.0 |
| 006 |
m d |
| 007 |
cr n |
| 008 |
851126c19869999ctuqr p s 0 a0eng d |
| 010 |
|
|
|a sn 85003151
|
| 022 |
|
|
|l 0886-1609
|y 0886-1609
|
| 032 |
|
|
|a 001087
|b USPS
|
| 035 |
|
|
|a (WaSeSS)ssj0012676
|
| 037 |
|
|
|b R/C Car Action, 632 Danbury Rd., Wilton, CT 06829
|
| 040 |
|
|
|a NSD
|b eng
|c NSD
|d AU@
|d OCLCQ
|d OCLCF
|d OCLCO
|d JDP
|d OCLCQ
|d WaSeSS
|
| 042 |
|
|
|a nsdp
|
| 082 |
1 |
|
|a 629
|2 11
|
| 210 |
0 |
|
|a Radio control car action
|
| 222 |
|
0 |
|a Radio control car action
|
| 245 |
0 |
0 |
|a Radio control car action
|h [electronic resource].
|
| 246 |
3 |
0 |
|a Car action
|
| 246 |
1 |
3 |
|a R/C car action
|
| 260 |
|
|
|a [Wilton, CT] :
|b [Air Age, Inc.],
|c [©1985]-
|
| 310 |
|
|
|a Quarterly
|
| 362 |
0 |
|
|a [Vol. 1, no. 1] (winter 1986)-
|
| 500 |
|
|
|a Title from cover.
|
| 506 |
|
|
|a License restrictions may limit access.
|
| 650 |
|
0 |
|a Automobile industry and trade
|v Periodicals.
|
| 650 |
|
0 |
|a Automobiles
|v Periodicals.
|
| 650 |
|
7 |
|a Automobile industry and trade.
|2 fast
|0 (OCoLC)fst00822961
|
| 650 |
|
7 |
|a Automobiles.
|2 fast
|0 (OCoLC)fst00823232
|
| 655 |
|
0 |
|a Electronic journals.
|
| 787 |
1 |
|
|t Radio control car action ... yearbook
|x 0899-0646
|w (DLC)sn 88001106
|
| 787 |
1 |
|
|t Radio control car action ... buyer's guide
|x 1040-2721
|w (DLC)sn 88001643
|
| 856 |
4 |
0 |
|z Full text available from Research Library: 04/01/1998 to 05/31/2006
|u https://search.proquest.com/publication/33472
|